| 000 | 00490nam a2200193 a 4500 | ||
|---|---|---|---|
| 005 | 20140412111302.0 | ||
| 008 | 001116s19uu xx 00 eng d | ||
| 020 | _a0-7214-1748-5 | ||
| 050 |
_aM 629.1 _bCAM 1995 |
||
| 100 | _aCampbell, Fiona | ||
| 245 |
_aFlight / _cFiona Campbell ; illustrated by Studio Boni. |
||
| 260 |
_aUK : _bLadybird. |
||
| 300 | _a30 p. | ||
| 440 | _aLadybird Discovery | ||
| 650 | _aAeronautics | ||
| 650 | _aFlight | ||
| 999 |
_c103472 _d103472 |
||